MARC details
| 000 -CABECERA |
| campo de control de longitud fija |
00949cam a2200229 a 4500 |
| 001 - NÚMERO DE CONTROL |
| campo de control |
000002814 |
| 005 - FECHA Y HORA DE LA ÚLTIMA TRANSACCIÓN |
| campo de control |
20200929150249.0 |
| 008 - DATOS DE LONGITUD FIJA--INFORMACIÓN GENERAL |
| campo de control de longitud fija |
000817s1999 pr b 001 e spa |
| 020 ## - NÚMERO INTERNACIONAL ESTÁNDAR DEL LIBRO |
| ISBN cancelado o inválido |
0963344103 |
| 040 ## - FUENTE DE LA CATALOGACIÓN |
| Centro catalogador/agencia de origen |
DO-SdBNP |
| Lengua de catalogación |
spa |
| Centro/agencia transcriptor |
BNPHU |
| 082 ## - NÚMERO DE LA CLASIFICACIÓN DECIMAL DEWEY |
| Número de clasificación |
PR864.44 |
| Número de documento/Ítem |
E74e |
| 100 1# - ENTRADA PRINCIPAL--NOMBRE DE PERSONA |
| Nombre de persona |
Escobar, Elizam, |
| Fechas asociadas al nombre |
1948- |
| 9 (RLIN) |
8891 |
| 245 14 - MENCIÓN DE TÍTULO |
| Título |
Los ensayos del artificiero : |
| Resto del título |
más allá de lo político directo y el post-modernismo (1983-1993) / |
| Mención de responsabilidad, etc. |
Elizam Escobar. |
| 260 ## - PUBLICACIÓN, DISTRIBUCIÓN, ETC. |
| Lugar de publicación, distribución, etc. |
Cayey ; |
| -- |
San Juan, Puerto Rico : |
| Nombre del editor, distribuidor, etc. |
Sopa de Letras ; |
| -- |
Isla Negra, |
| Fecha de publicación, distribución, etc. |
1999. |
| Lugar de fabricación/manufactura |
Santo Domingo: |
| Fabricante |
Búho |
| 300 ## - DESCRIPCIÓN FÍSICA |
| Extensión |
247 p. ; |
| Dimensiones |
22 cm. |
| 500 ## - NOTA GENERAL |
| Nota general |
La impresión de este libro se realizó gracias a una aportación de la Fundación Francisco Manrique Cabrera. |
| 504 ## - NOTA DE BIBLIOGRAFÍA, ETC. |
| Nota de bibliografía, etc. |
Bibliografía: p. 246-247. |
| 650 #4 - PUNTO DE ACCESO ADICIONAL DE MATERIA--TÉRMINO DE MATERIA |
| Término de materia o nombre geográfico como elemento de entrada |
Ensayos puertorriqueños |
| 9 (RLIN) |
8892 |
| 650 #4 - PUNTO DE ACCESO ADICIONAL DE MATERIA--TÉRMINO DE MATERIA |
| Término de materia o nombre geográfico como elemento de entrada |
Literatura post-modernista |
| 9 (RLIN) |
8893 |
| 650 #4 - PUNTO DE ACCESO ADICIONAL DE MATERIA--TÉRMINO DE MATERIA |
| Término de materia o nombre geográfico como elemento de entrada |
Literatura puertorriqueña |
| 9 (RLIN) |
250 |
| 710 2# - PUNTO DE ACCESO ADICIONAL--NOMBRE DE ENTIDAD CORPORATIVA |
| Nombre de entidad corporativa o nombre de jurisdicción como elemento de entrada |
Fundación Francisco Manrique Cabrera |
| 9 (RLIN) |
8894 |